[Event "CEDIS Festival saha - 5. turnir"]
[Site "?"]
[Date "2022.10.14"]
[Round "1.1"]
[White "Kisic, Bozidar"]
[Black "Mitric, Nebojsa"]
[Result "1-0"]
[WhiteElo "2309"]
[BlackElo "1818"]
[PlyCount "57"]
[SourceVersionDate "2022.10.21"]

1. c4 Nf6 2. Nc3 g6 3. e4 d6 4. d4 e5 5. dxe5 dxe5 6. Qxd8+ Kxd8 7. Bg5 Be7 8.
O-O-O+ Ke8 9. Nf3 Bg4 10. h3 Bxf3 11. gxf3 h6 12. Be3 c6 13. f4 exf4 14. Bxf4
g5 15. Bh2 Nbd7 16. e5 Nh5 17. Ne4 Nc5 18. Nd6+ Bxd6 19. exd6 Kd7 20. Be2 Nf6
21. b4 Nce4 22. Bd3 Rhe8 23. Rde1 a5 24. f3 Nf2 25. Bf5+ Re6 26. Rhf1 Nxh3 27.
Bxh3 g4 28. fxg4 Rxe1+ 29. Rxe1 1-0

[Event "CEDIS Festival saha - 5. turnir"]
[Site "?"]
[Date "2022.10.14"]
[Round "1.2"]
[White "Samardzic, Slavisa"]
[Black "Djukanovic, Sreten"]
[Result "0-1"]
[WhiteElo "1651"]
[BlackElo "2150"]
[PlyCount "74"]
[SourceVersionDate "2022.10.21"]

1. e4 c5 2. c3 d5 3. exd5 Qxd5 4. Nf3 Nc6 5. Be2 Nf6 6. O-O e5 7. Na3 e4 8. Ne1
Bf5 9. Nc4 Qd7 10. f3 Be7 11. Ne3 Be6 12. fxe4 Nxe4 13. d3 Nf6 14. Nf3 Nd5 15.
Nxd5 Qxd5 16. Bf4 O-O 17. Qd2 Rad8 18. Rfd1 Rfe8 19. Ne1 Bf5 20. Bf3 Qd7 21.
Be3 Ne5 22. Be2 Ng4 23. Bf4 Bd6 24. Bxd6 Qxd6 25. Bxg4 Bxg4 26. Nf3 Bxf3 27.
gxf3 Qd5 28. Qf2 Re6 29. d4 Rg6+ 30. Kh1 h6 31. c4 Qxc4 32. Rac1 Rxd4 33. Re1
Qd5 34. Re8+ Kh7 35. Rce1 Rd2 36. Qe3 Rxh2+ 37. Kxh2 Qh5# 0-1

[Event "CEDIS Festival saha - 5. turnir"]
[Site "?"]
[Date "2022.10.14"]
[Round "1.3"]
[White "Abramovic, Dragoljub"]
[Black "Doderovic, Aleksa"]
[Result "1-0"]
[WhiteElo "2055"]
[BlackElo "1604"]
[PlyCount "63"]
[SourceVersionDate "2022.10.21"]

1. d4 g6 2. Nf3 Nf6 3. Bf4 d6 4. Nbd2 Bg7 5. e4 O-O 6. Bc4 Nxe4 7. Nxe4 d5 8.
Bd3 dxe4 9. Bxe4 Nd7 10. c3 Nf6 11. Bc2 Nh5 12. Be3 Bg4 13. h3 Bxf3 14. Qxf3 c6
15. g4 Nf6 16. O-O h5 17. gxh5 Nxh5 18. Kh1 Qc7 19. Rg1 Rad8 20. Bb3 e6 21. Rg2
b6 22. Rag1 Kh8 23. Bc2 Rg8 24. Bxg6 fxg6 25. Rxg6 Rd5 26. Bg5 Nf6 27. Bxf6 Rf5
28. Bxg7+ Rxg7 29. Rxg7 Qxg7 30. Qxf5 exf5 31. Rxg7 Kxg7 32. Kg2 1-0

[Event "CEDIS Festival saha - 5. turnir"]
[Site "?"]
[Date "2022.10.14"]
[Round "1.4"]
[White "Lakusic, Zoran"]
[Black "Jeknic, Velimir"]
[Result "1/2-1/2"]
[WhiteElo "1592"]
[BlackElo "1933"]
[PlyCount "43"]
[SourceVersionDate "2022.10.21"]

1. c4 Nf6 2. Nc3 g6 3. d4 Bg7 4. e4 d6 5. Be2 O-O 6. Nf3 e5 7. dxe5 dxe5 8.
Qxd8 Rxd8 9. Nxe5 Nxe4 10. Nxe4 Bxe5 11. O-O Re8 12. Bf3 Nc6 13. Re1 Bf5 14.
Bg5 Nd4 15. Nf6+ Bxf6 16. Bxf6 Nxf3+ 17. gxf3 Re6 18. Rxe6 Bxe6 19. b3 h6 20.
Rd1 Kh7 21. Rd8 Rxd8 22. Bxd8 1/2-1/2

[Event "CEDIS Festival saha - 5. turnir"]
[Site "?"]
[Date "2022.10.14"]
[Round "1.5"]
[White "Zivkovic, Slaven"]
[Black "Djukic, Katarina"]
[Result "1-0"]
[WhiteElo "1922"]
[BlackElo "1506"]
[PlyCount "69"]
[SourceVersionDate "2022.10.21"]

1. e4 c5 2. Nf3 d6 3. Bb5+ Bd7 4. Bxd7+ Qxd7 5. O-O Nf6 6. Re1 g6 7. c3 Bg7 8.
d4 O-O 9. h3 Rd8 10. Bg5 Na6 11. Qb3 Qc7 12. Nbd2 Rac8 13. e5 dxe5 14. Nxe5 Nd5
15. Bh4 cxd4 16. cxd4 f6 17. Nef3 Kh8 18. Bg3 Qd7 19. a3 b6 20. Re2 Nac7 21.
Rae1 Re8 22. Ne4 Nb5 23. a4 Nbc7 24. Kh1 Rcd8 25. Rc2 Ne6 26. Nd6 exd6 27. Qxd5
Qxa4 28. Rc6 f5 29. Bh4 Nxd4 30. Bxd8 Rxe1+ 31. Nxe1 Qxc6 32. Qf7 Qb5 33. Bf6
Qf1+ 34. Kh2 Bxf6 35. Qf8# 1-0

[Event "CEDIS Festival saha - 5. turnir"]
[Site "?"]
[Date "2022.10.15"]
[Round "2.1"]
[White "Smuk, Vasilije"]
[Black "Kisic, Bozidar"]
[Result "0-1"]
[WhiteElo "1197"]
[BlackElo "2307"]
[PlyCount "64"]
[SourceVersionDate "2022.10.28"]

1. e4 g6 2. d4 Bg7 3. Nf3 d6 4. Be3 a6 5. Nc3 Nd7 6. Qd2 b5 7. a3 Bb7 8. Bd3
Rc8 9. b4 c5 10. Ne2 c4 11. Ng3 cxd3 12. Qxd3 Qc7 13. Rc1 Qc3+ 14. Ke2 Ngf6 15.
h4 h5 16. Rhd1 O-O 17. e5 Bxf3+ 18. gxf3 Qxd3+ 19. cxd3 dxe5 20. dxe5 Nd5 21.
Kd2 Bxe5 22. Ne2 Nxe3 23. fxe3 Bb2 24. Rb1 Bf6 25. Rh1 Rc7 26. d4 Rfc8 27. Rb2
Nb6 28. Rb3 Rc2+ 29. Kd3 Na4 30. e4 Nb2+ 31. Ke3 Nc4+ 32. Kd3 Rd2+ 0-1

[Event "CEDIS Festival saha - 5. turnir"]
[Site "?"]
[Date "2022.10.15"]
[Round "2.3"]
[White "Jeknic, Velimir"]
[Black "Grbovic, Dino"]
[Result "1-0"]
[WhiteElo "1933"]
[BlackElo "1368"]
[PlyCount "119"]
[SourceVersionDate "2022.10.28"]

1. e4 d6 2. d4 g6 3. Nc3 Bg7 4. Bg5 h6 5. Be3 Nf6 6. f3 c6 7. Qd2 Nbd7 8. Bc4
b5 9. Bb3 Rb8 10. e5 dxe5 11. dxe5 Nxe5 12. Qxd8+ Kxd8 13. Bf4 Nfd7 14. O-O-O
e6 15. Nge2 Bb7 16. Ne4 Ke7 17. Rhe1 g5 18. Be3 a5 19. c3 a4 20. Bc2 Nc4 21.
Bf2 Rhd8 22. h4 f5 23. Nc5 Nxc5 24. Bxc5+ Kf7 25. b3 axb3 26. axb3 Ne5 27. Bb6
Rd7 28. f4 gxf4 29. Nxf4 Rxd1+ 30. Bxd1 Bc8 31. Bc7 Nd7 32. Bh5+ Kg8 33. Rxe6
Ra8 34. Re8+ Nf8 35. Ng6 Bb7 36. Ne7+ Kh7 37. Rxa8 Bxa8 38. Kc2 Ne6 39. Bd6 Bf6
40. Nxf5 Ng7 41. Nxg7 Kxg7 42. g3 Bd8 43. Kd3 Bb6 44. b4 Kf6 45. Bf4 Kg7 46.
Be5+ Kf8 47. Bf3 Kf7 48. g4 Bd8 49. h5 Be7 50. Be4 Bb7 51. Bf4 Kg7 52. Be3 Bd8
53. Bd4+ Kf7 54. Bg6+ Kg8 55. Bf5 Kf7 56. Bc5 Bf6 57. Be3 Kg7 58. Bd4 Kf7 59.
Bxf6 Kxf6 60. Kd4 1-0

[Event "CEDIS Festival saha - 5. turnir"]
[Site "?"]
[Date "2022.10.15"]
[Round "2.4"]
[White "Mitric, Nebojsa"]
[Black "Lakusic, Zoran"]
[Result "1-0"]
[WhiteElo "1818"]
[BlackElo "1592"]
[PlyCount "45"]
[SourceVersionDate "2022.10.28"]

1. d4 Nf6 2. Nf3 e6 3. g3 h6 4. Bg2 c5 5. e3 Nc6 6. O-O d5 7. a3 c4 8. Nbd2 b5
9. Ne5 Bb7 10. c3 Qc7 11. f4 Bd6 12. e4 Qb6 13. Nxc6 dxe4 14. Ne5 h5 15. Qe2
Bxe5 16. fxe5 e3 17. exf6 Bxg2 18. Qxg2 O-O-O 19. Ne4 gxf6 20. Rxf6 h4 21. Bxe3
hxg3 22. Nxg3 Rh7 23. Raf1 1-0

[Event "CEDIS Festival saha - 5. turnir"]
[Site "?"]
[Date "2022.10.15"]
[Round "2.5"]
[White "Doderovic, Aleksa"]
[Black "Samardzic, Slavisa"]
[Result "0-1"]
[WhiteElo "1604"]
[BlackElo "1651"]
[PlyCount "64"]
[SourceVersionDate "2022.10.28"]

1. d4 d5 2. c4 e6 3. Nc3 Nf6 4. cxd5 exd5 5. Bg5 c6 6. e3 Nbd7 7. Bd3 Be7 8.
Qc2 O-O 9. Nge2 h6 10. Bh4 Re8 11. O-O Ne4 12. Bxe7 Qxe7 13. Rfe1 Ndf6 14. f3
Nd6 15. Ng3 Be6 16. e4 dxe4 17. fxe4 Nb5 18. Nxb5 cxb5 19. Bxb5 Red8 20. Rad1
Qb4 21. Qa4 Rxd4 22. b3 Qxe1+ 23. Rxe1 Rxa4 24. bxa4 a6 25. Be2 Rc8 26. Rb1 Rc7
27. Rb2 Kf8 28. Bf3 Ng4 29. Ne2 Ne5 30. Nf4 Bd7 31. a5 g5 32. Ne2 g4 0-1

[Event "CEDIS Festival saha - 5. turnir"]
[Site "?"]
[Date "2022.10.15"]
[Round "3.1"]
[White "Kisic, Bozidar"]
[Black "Djukanovic, Sreten"]
[Result "0-1"]
[WhiteElo "2309"]
[BlackElo "2150"]
[PlyCount "130"]
[SourceVersionDate "2022.10.28"]

1. d4 c5 2. d5 Nf6 3. Bg5 g6 4. Nc3 Bg7 5. e4 d6 6. Qd2 a6 7. Bh6 Bxh6 8. Qxh6
Qa5 9. O-O-O b5 10. e5 dxe5 11. d6 Be6 12. Nf3 Nbd7 13. Ng5 Bxa2 14. dxe7 Kxe7
15. f4 b4 16. fxe5 bxc3 17. exf6+ Kd8 18. bxc3 Qxc3 19. Qh3 Qa1+ 20. Kd2 Qxf6
21. Ne4 Qf4+ 22. Qe3 Qxe3+ 23. Kxe3 Re8 24. Kf3 Kc7 25. Nc3 Be6 26. Be2 Ne5+
27. Kg3 f5 28. Rhe1 g5 29. Bh5 Ng6 30. Bxg6 hxg6 31. Re5 Rac8 32. Na4 f4+ 33.
Kf2 Bf5 34. Rxc5+ Kb7 35. Rd6 Bxc2 36. Rd7+ Kb8 37. Ra5 Bf5 38. Rd2 Ka7 39. Ra2
Rc2+ 40. Rxc2 Bxc2 41. Nc3 Rc8 42. Ne2 Bf5 43. Nd4 Kb6 44. Re5 Rc5 45. Re8 Rd5
46. Nxf5 gxf5 47. h4 gxh4 48. Kf3 a5 49. Kxf4 a4 50. Rb8+ Kc5 51. Kg5 Rd2 52.
Kxf5 Rxg2 53. Rh8 Kb4 54. Ke4 Rd2 55. Rb8+ Kc3 56. Ra8 Kb3 57. Ke3 Rd6 58. Rb8+
Kc3 59. Rc8+ Kb2 60. Rb8+ Ka2 61. Rh8 a3 62. Rxh4 Kb3 63. Rh7 Rb6 64. Kd4 a2
65. Rh3+ Ka4 0-1

[Event "CEDIS Festival saha - 5. turnir"]
[Site "?"]
[Date "2022.10.15"]
[Round "3.2"]
[White "Zivkovic, Slaven"]
[Black "Abramovic, Dragoljub"]
[Result "1/2-1/2"]
[WhiteElo "1922"]
[BlackElo "2055"]
[PlyCount "97"]
[SourceVersionDate "2022.10.28"]

1. e4 e6 2. d4 d5 3. Nc3 Bb4 4. Nge2 Nf6 5. a3 Bxc3+ 6. Nxc3 Nxe4 7. Nxe4 dxe4
8. c3 Bd7 9. Qg4 Qf6 10. Qxe4 Bc6 11. Qg4 Nd7 12. Bd3 h5 13. Qg3 h4 14. Qg4 Qe7
15. Qxg7 O-O-O 16. Bg5 Qf8 17. Qxf8 Rdxf8 18. Rg1 Rfg8 19. Bf4 Bxg2 20. O-O-O
Rg4 21. Be2 Rxf4 22. Rxg2 h3 23. Rg7 Rxf2 24. Bc4 Rxh2 25. Rxf7 Nb6 26. Bxe6+
Kb8 27. Re1 a6 28. b3 Ra2 29. Kb1 Rxa3 30. Rh1 Rh6 31. Kb2 Ra5 32. Bg4 h2 33.
Rf2 Rg5 34. Be2 Re6 35. Rhxh2 Rg3 36. Rhg2 Rge3 37. Kc2 Rc6 38. c4 Rh6 39. Rf3
Re4 40. Kc3 Rhh4 41. Rd3 a5 42. Bf3 Re8 43. Ra2 a4 44. bxa4 c5 45. dxc5 Rxc4+
46. Kb3 Rxc5 47. a5 Rb5+ 48. Kc2 Nc4 49. a6 1/2-1/2

[Event "CEDIS Festival saha - 5. turnir"]
[Site "?"]
[Date "2022.10.15"]
[Round "3.3"]
[White "Samardzic, Slavisa"]
[Black "Jeknic, Velimir"]
[Result "0-1"]
[WhiteElo "1651"]
[BlackElo "1933"]
[PlyCount "42"]
[SourceVersionDate "2022.10.28"]

1. d4 Nf6 2. Nf3 g6 3. e3 Bg7 4. Bd3 d6 5. O-O O-O 6. b3 Nc6 7. a3 e5 8. dxe5
Nxe5 9. Nxe5 dxe5 10. Bb2 Qe7 11. e4 Rd8 12. Qe2 Nh5 13. g3 Bh3 14. Rd1 Qg5 15.
Bc1 Nf4 16. Bxf4 exf4 17. Nd2 fxg3 18. hxg3 Bd4 19. Kh2 Bg4 20. Qf1 Bxa1 21.
Rxa1 Qxd2 0-1

[Event "CEDIS Festival saha - 5. turnir"]
[Site "?"]
[Date "2022.10.15"]
[Round "3.4"]
[White "Mitric, Nebojsa"]
[Black "Smuk, Vasilije"]
[Result "1/2-1/2"]
[WhiteElo "1818"]
[BlackElo "1197"]
[PlyCount "115"]
[SourceVersionDate "2022.10.28"]

1. d4 d5 2. Nf3 Bf5 3. g3 e6 4. Bg2 c5 5. e3 Nf6 6. O-O Nc6 7. a3 b5 8. dxc5
Bxc5 9. b4 Bd6 10. Bb2 h6 11. Nbd2 O-O 12. Rc1 a5 13. c3 a4 14. Qe2 Rb8 15. Nd4
Nxd4 16. cxd4 Qd7 17. f3 Rfc8 18. e4 dxe4 19. fxe4 Bg4 20. Qe3 Be7 21. Qf4 Bh5
22. Nf3 Rxc1 23. Rxc1 Bd6 24. Qh4 Bxf3 25. Bxf3 Bc7 26. d5 e5 27. g4 Rc8 28.
Kg2 Bd6 29. g5 Rxc1 30. Bxc1 Qc7 31. gxf6 Qxc1 32. Qg4 g6 33. Qd7 Bf8 34. Qxb5
Qxa3 35. Bd1 Qb2+ 36. Qe2 Qxb4 37. Qc2 a3 38. Be2 Qb2 39. Qxb2 axb2 40. Bd3 g5
41. Kf3 h5 42. Ke2 g4 43. Kd2 h4 44. Kc2 g3 45. hxg3 hxg3 46. Bf1 Kh7 47. Kxb2
Kg6 48. Kc3 Kxf6 49. Kd3 Kg5 50. Ke3 Kg4 51. Bg2 Bc5+ 52. Ke2 f5 53. exf5 Kxf5
54. Kf3 Bf2 55. Bh3+ Kg5 56. d6 Kf6 57. d7 Ke7 58. Ke4 1/2-1/2

[Event "CEDIS Festival saha - 5. turnir"]
[Site "?"]
[Date "2022.10.15"]
[Round "3.5"]
[White "Djukic, Katarina"]
[Black "Lakusic, Zoran"]
[Result "0-1"]
[WhiteElo "1506"]
[BlackElo "1592"]
[PlyCount "58"]
[SourceVersionDate "2022.10.28"]

1. e4 g6 2. d4 c5 3. c3 cxd4 4. cxd4 Bg7 5. Nf3 Nc6 6. Nc3 a6 7. Be3 Qa5 8. a3
Nh6 9. h3 e6 10. b4 Qd8 11. Qd2 Ng8 12. Bd3 Nge7 13. O-O O-O 14. Bh6 b5 15.
Bxg7 Kxg7 16. Qg5 f6 17. Qg3 d6 18. h4 f5 19. d5 f4 20. Qh2 Ne5 21. Nxe5 dxe5
22. Rad1 exd5 23. exd5 Nf5 24. g3 Nd4 25. Be4 Qc7 26. Nxb5 axb5 27. d6 Qa7 28.
Bxa8 Qxa8 29. Rd3 Ne2# 0-1

[Event "CEDIS Festival saha - 5. turnir"]
[Site "?"]
[Date "2022.10.15"]
[Round "3.6"]
[White "Grbovic, Dino"]
[Black "Doderovic, Aleksa"]
[Result "0-1"]
[WhiteElo "1368"]
[BlackElo "1604"]
[PlyCount "46"]
[SourceVersionDate "2022.10.28"]

1. d4 g6 2. c4 Nf6 3. Nc3 Bg7 4. e4 d6 5. f3 O-O 6. Be3 c5 7. d5 e6 8. Qd2 exd5
9. cxd5 a6 10. O-O-O b5 11. Bh6 Nbd7 12. h4 Qa5 13. Kb1 b4 14. Nce2 Ne5 15.
Bxg7 Kxg7 16. Nc1 c4 17. Qd4 Qc7 18. f4 c3 19. Re1 cxb2 20. Nb3 Neg4 21. Rh3
Kg8 22. e5 Bf5+ 23. Kxb2 Qc2+ 0-1

[Event "CEDIS Festival saha - 5. turnir"]
[Site "?"]
[Date "2022.10.16"]
[Round "4.2"]
[White "Abramovic, Dragoljub"]
[Black "Kisic, Bozidar"]
[Result "0-1"]
[WhiteElo "2055"]
[BlackElo "2309"]
[PlyCount "92"]
[EventDate "2022.??.??"]
[SourceVersionDate "2022.10.28"]

1. d4 c5 2. dxc5 e6 3. Nd2 Qa5 4. c3 Qxc5 5. Ngf3 Nf6 6. Nb3 Qc7 7. Bg5 Be7 8.
e3 b6 9. Bf4 d6 10. c4 Bb7 11. Be2 Nbd7 12. O-O e5 13. Bg5 h6 14. Bxf6 Nxf6 15.
h3 g5 16. Nh2 Rd8 17. Rc1 h5 18. Bf3 Bc8 19. Bd5 Bf5 20. f4 Nxd5 21. Qxd5 Be6
22. Qd3 f5 23. g4 hxg4 24. hxg4 Bf6 25. gxf5 Qh7 26. Rf2 Bxf5 27. Qd5 gxf4 28.
exf4 Be4 29. Qe6+ Qe7 30. Qxe7+ Kxe7 31. Nf3 Rdg8+ 32. Kf1 Bd3+ 33. Ke1 e4 34.
Kd2 Bxb2 35. Re1 Ba3 36. Kc3 Rc8 37. Nfd2 d5 38. Rg2 Rh3 39. Kd4 Rd8 40. Ke5
Bb2+ 41. Kf5 Rf8+ 42. Kg4 Rh7 43. Nf3 Rhf7 44. f5 Rg7+ 45. Kh3 Rh8+ 46. Nh4
Rxh4+ 0-1

[Event "CEDIS Festival saha - 5. turnir"]
[Site "?"]
[Date "2022.10.16"]
[Round "4.3"]
[White "Zivkovic, Slaven"]
[Black "Mitric, Nebojsa"]
[Result "1-0"]
[WhiteElo "1922"]
[BlackElo "1818"]
[PlyCount "119"]
[EventDate "2022.??.??"]
[SourceVersionDate "2022.10.28"]

1. e4 c5 2. Nf3 Nc6 3. Bb5 d6 4. O-O Bg4 5. c3 a6 6. Bxc6+ bxc6 7. d3 e5 8. Re1
Nf6 9. Nbd2 Be7 10. h3 Bh5 11. Nf1 O-O 12. Ng3 Bg6 13. Nh4 Re8 14. Nhf5 Bf8 15.
f4 Bxf5 16. Nxf5 g6 17. Ng3 exf4 18. Bxf4 Nd7 19. Rf1 Qe7 20. Rf2 Bg7 21. Kh1
d5 22. exd5 cxd5 23. Qf3 d4 24. Ne4 Ne5 25. Bxe5 Bxe5 26. c4 f5 27. Nd2 Bd6 28.
Nb3 Qe5 29. g4 fxg4 30. Qxg4 Ra7 31. Nd2 Rf7 32. Raf1 Rxf2 33. Rxf2 Qe3 34. Qf3
Rf8 35. Qd5+ Kg7 36. Rxf8 Qxh3+ 37. Kg1 Qh2+ 38. Kf1 Kxf8 39. Ne4 Be7 40. Nxc5
Qf4+ 41. Kg2 Qd2+ 42. Kf3 Qe3+ 43. Kg2 Kg7 44. Qxd4+ Qxd4 45. Ne6+ Kf6 46. Nxd4
h5 47. a3 g5 48. b4 g4 49. c5 Kg5 50. c6 Bd6 51. c7 Bxc7 52. Ne6+ Kf5 53. Nxc7
h4 54. a4 Kf4 55. Ne6+ Ke5 56. Nc5 Kf4 57. b5 h3+ 58. Kg1 g3 59. Ne4 g2 60. Nf2
1-0

[Event "CEDIS Festival saha - 5. turnir"]
[Site "?"]
[Date "2022.10.16"]
[Round "4.4"]
[White "Lakusic, Zoran"]
[Black "Smuk, Vasilije"]
[Result "1-0"]
[WhiteElo "1592"]
[BlackElo "1197"]
[PlyCount "53"]
[EventDate "2022.??.??"]
[SourceVersionDate "2022.10.28"]

1. c4 e5 2. Nc3 Nf6 3. g3 d5 4. cxd5 Nxd5 5. Bg2 Be6 6. Nf3 Nc6 7. O-O Qd7 8.
d4 Nxc3 9. bxc3 O-O-O 10. Qa4 exd4 11. cxd4 Nxd4 12. Qxa7 c6 13. Qa8+ Kc7 14.
Bf4+ Bd6 15. Qa5+ Kb8 16. Nxd4 Bxf4 17. Nxe6 Bd2 18. Qe5+ Qd6 19. Qxd6+ Rxd6
20. Nc5 Re8 21. Rab1 Re7 22. Ne4 Rdd7 23. Nxd2 Rxd2 24. Bxc6 Rxa2 25. e4 Kc8
26. Bd5 f6 27. Bxa2 1-0

[Event "CEDIS Festival saha - 5. turnir"]
[Site "?"]
[Date "2022.10.16"]
[Round "4.5"]
[White "Grbovic, Dino"]
[Black "Samardzic, Slavisa"]
[Result "1/2-1/2"]
[WhiteElo "1368"]
[BlackElo "1651"]
[PlyCount "47"]
[EventDate "2022.??.??"]
[SourceVersionDate "2022.10.28"]

1. e4 e5 2. Nf3 Nc6 3. Bc4 Nf6 4. d3 Be7 5. c3 d6 6. O-O O-O 7. Re1 h6 8. Nbd2
Na5 9. Bb3 Nxb3 10. axb3 c6 11. Nf1 Re8 12. h3 Bf8 13. Kh2 d5 14. Qe2 Bd6 15.
Ng3 Bd7 16. Be3 b6 17. Rad1 Qc7 18. Bc1 Rad8 19. Nh4 Kh7 20. Rf1 Bc8 21. Ngf5
Bxf5 22. Nxf5 Bf8 23. g4 g6 24. Ng3 1/2-1/2

[Event "CEDIS Festival saha - 5. turnir"]
[Site "?"]
[Date "2022.10.16"]
[Round "4.6"]
[White "Doderovic, Aleksa"]
[Black "Djukic, Katarina"]
[Result "1/2-1/2"]
[WhiteElo "1604"]
[BlackElo "1506"]
[PlyCount "86"]
[EventDate "2022.??.??"]
[SourceVersionDate "2022.10.28"]

1. d4 Nf6 2. c4 g6 3. Nc3 Bg7 4. e4 d6 5. Nf3 O-O 6. Be2 e5 7. dxe5 dxe5 8.
Qxd8 Rxd8 9. Nd5 Nxd5 10. cxd5 c6 11. Bc4 cxd5 12. Bxd5 Nd7 13. Bg5 Re8 14. Rc1
h6 15. Be3 Nf6 16. Bb3 Re7 17. Nd2 b6 18. f3 Ba6 19. Kf2 Rd8 20. Nb1 Ne8 21.
Nc3 Nc7 22. Nd5 Nxd5 23. Bxd5 Kh7 24. Rc3 f5 25. Ra3 Bb5 26. Rc1 Bf8 27. Rac3
Ba6 28. R1c2 Kg7 29. Rc7 Rdd7 30. Rxd7 Rxd7 31. Be6 Bd3 32. Rd2 Rd6 33. exf5
gxf5 34. Rd1 Rxe6 35. Rxd3 f4 36. Rd7+ Kf6 37. Bd2 Bc5+ 38. Ke2 a6 39. Bc3 Bg1
40. h3 b5 41. a3 Kf5 42. Rd5 Kf6 43. Kd3 Kf5 1/2-1/2

[Event "CEDIS Festival saha - 5. turnir"]
[Site "?"]
[Date "2022.10.16"]
[Round "5.1"]
[White "Kisic, Bozidar"]
[Black "Zivkovic, Slaven"]
[Result "1-0"]
[WhiteElo "2309"]
[BlackElo "1922"]
[PlyCount "65"]
[EventDate "2022.??.??"]
[SourceVersionDate "2022.10.28"]

1. d4 Nf6 2. Bg5 d5 3. e3 c5 4. Nd2 e6 5. c3 Nc6 6. f4 Be7 7. Bd3 Nd7 8. Bxe7
Qxe7 9. Qf3 c4 10. Bc2 b5 11. e4 Nb6 12. e5 f6 13. Qh5+ Qf7 14. Qxf7+ Kxf7 15.
g4 b4 16. Ngf3 a5 17. O-O h5 18. exf6 gxf6 19. g5 Ne7 20. gxf6 Kxf6 21. Ng5 Nf5
22. Rae1 Bd7 23. Re5 h4 24. Rfe1 Rae8 25. Ndf3 h3 26. Kf2 Ng7 27. Nh7+ Rxh7 28.
Bxh7 bxc3 29. bxc3 Na4 30. Rg1 Nxc3 31. Rg6+ Kf7 32. Ng5+ Kf8 33. Rf6+ 1-0

[Event "CEDIS Festival saha - 5. turnir"]
[Site "?"]
[Date "2022.10.16"]
[Round "5.2"]
[White "Lakusic, Zoran"]
[Black "Djukanovic, Sreten"]
[Result "0-1"]
[WhiteElo "1592"]
[BlackElo "2150"]
[PlyCount "61"]
[EventDate "2022.??.??"]
[SourceVersionDate "2022.10.28"]

1. c4 c5 2. Nc3 Nc6 3. Nf3 g6 4. g3 Bg7 5. Bg2 e6 6. O-O Nge7 7. a3 O-O 8. Rb1
d5 9. cxd5 exd5 10. b4 Bf5 11. e4 dxe4 12. Ng5 e3 13. Be4 exf2+ 14. Kg2 h6 15.
g4 hxg5 16. gxf5 gxf5 17. Bxc6 bxc6 18. bxc5 Ng6 19. Rb4 a5 20. Ra4 Ra7 21. d4
Re8 22. Rxf2 Rd7 23. Qh5 Bf6 24. Kf1 Rxd4 25. Rxd4 Qxd4 26. Re2 Qd3 27. Kg1
Bd4+ 28. Kh1 Rxe2 29. Qxe2 Qxc3 30. Bxg5 Qa1+ 31. Kg2 0-1

[Event "CEDIS Festival saha - 5. turnir"]
[Site "?"]
[Date "2022.10.16"]
[Round "5.4"]
[White "Mitric, Nebojsa"]
[Black "Doderovic, Aleksa"]
[Result "1-0"]
[WhiteElo "1818"]
[BlackElo "1604"]
[PlyCount "89"]
[EventDate "2022.??.??"]
[SourceVersionDate "2022.10.28"]

1. d4 g6 2. Nf3 Nf6 3. g3 Bg7 4. Bg2 O-O 5. O-O d6 6. c4 c5 7. e3 Nc6 8. Nc3
Rb8 9. d5 Na5 10. Qe2 e6 11. e4 exd5 12. cxd5 a6 13. Bg5 h6 14. Bd2 b5 15. b3
Re8 16. Qd3 b4 17. Na4 Nxe4 18. Rae1 Bd7 19. Rxe4 Bb5 20. Qc2 Rxe4 21. Qxe4
Bxf1 22. Bxf1 Qf6 23. Qf4 Qd8 24. Bxa6 g5 25. Qf5 Qe8 26. Bd3 c4 27. Bc2 Qe2
28. Be3 cxb3 29. axb3 Re8 30. Nd4 Qe1+ 31. Kg2 Rxe3 32. Qh7+ Kf8 33. Nf5 Re2
34. Qxg7+ Ke8 35. Qg8+ Kd7 36. Qxf7+ Kd8 37. Qf6+ Kc7 38. Qxd6+ Kb7 39. Qb6+
Kc8 40. Nd6+ Kd7 41. Nc5+ Ke7 42. Nf5+ Kf7 43. Qc7+ Kg6 44. Qg7+ Kh5 45. Qf7+
1-0

[Event "CEDIS Festival saha - 5. turnir"]
[Site "?"]
[Date "2022.10.16"]
[Round "5.5"]
[White "Smuk, Vasilije"]
[Black "Samardzic, Slavisa"]
[Result "0-1"]
[WhiteElo "1197"]
[BlackElo "1651"]
[PlyCount "120"]
[EventDate "2022.??.??"]
[SourceVersionDate "2022.10.28"]

1. e4 e5 2. Nf3 Nc6 3. Bc4 Nf6 4. d3 Be7 5. O-O d6 6. h3 Na5 7. Bb3 O-O 8. Bg5
Nxb3 9. axb3 h6 10. Bh4 Be6 11. Re1 Nd7 12. Bxe7 Qxe7 13. c4 f5 14. Nc3 c6 15.
Nd2 Qf7 16. Qc2 Qg6 17. Kh1 f4 18. Nf3 Qh5 19. Qe2 Rf6 20. Nh2 f3 21. Nxf3 Bxh3
22. Nh2 Qxe2 23. Rxe2 Be6 24. b4 a6 25. b5 Nc5 26. bxc6 bxc6 27. Rd2 Nb3 28.
Rad1 Nxd2 29. Rxd2 a5 30. Nf3 a4 31. c5 Bg4 32. cxd6 Bxf3 33. gxf3 Rxd6 34. Kg2
a3 35. bxa3 Rxa3 36. Ne2 Rdxd3 37. Rxd3 Rxd3 38. f4 exf4 39. Nxf4 Rd4 40. Kf3
Kf7 41. Ke3 Ra4 42. Nd3 Ra3 43. Kd4 Rxd3+ 44. Kxd3 Ke6 45. f4 h5 46. Kd4 h4 47.
f5+ Kf6 48. Ke3 Ke5 49. Kf3 h3 50. Kg3 h2 51. Kxh2 Kxe4 52. Kg2 Kxf5 53. Kf3 g5
54. Ke3 Kg4 55. Kd4 Kh3 56. Kc5 g4 57. Kxc6 g3 58. Kd5 g2 59. Kd4 g1=Q+ 60. Ke4
Qg5 0-1

[Event "CEDIS Festival saha - 5. turnir"]
[Site "?"]
[Date "2022.10.16"]
[Round "5.6"]
[White "Djukic, Katarina"]
[Black "Grbovic, Dino"]
[Result "0-1"]
[WhiteElo "1506"]
[BlackElo "1368"]
[PlyCount "76"]
[EventDate "2022.??.??"]
[SourceVersionDate "2022.10.28"]

1. e4 d6 2. d4 Nf6 3. Nc3 g6 4. Nf3 Bg7 5. Be2 O-O 6. O-O e5 7. h3 Nc6 8. Be3
h6 9. Qd2 Kh7 10. Rad1 Nd7 11. dxe5 dxe5 12. Nd5 f5 13. exf5 gxf5 14. c4 Nf6
15. Nxf6+ Qxf6 16. Qc1 Be6 17. b3 f4 18. Bd3+ Kh8 19. Bc5 Rg8 20. Kh2 Bf5 21.
Bxf5 Qxf5 22. Rd5 Rae8 23. Re1 Bf6 24. Rg1 Ne7 25. Bxe7 Rxe7 26. Qd1 Reg7 27.
Ne1 c6 28. Rd2 e4 29. f3 e3 30. Re2 Bh4 31. Qd3 Qg5 32. Nc2 Bf2 33. Qd1 Qg3+
34. Kh1 Bxg1 35. Qxg1 Qxh3+ 36. gxh3 Rxg1+ 37. Kh2 Rd1 38. Ne1 Rd2 0-1